00661nam a2200193 a 450000100100000000500170001000800410002704000250006808200150009310000250010824500600013326000320019330000210022549000100024650400650025683000160032195201130033799900170045000003721620200930080221.0120307s1937 sp 000 0 spa d aDO-SdBNPbspacBNPHU axxxxbxxxx1 aEnglis, Karel96363210aIntroducción a la ciencia financiera /cKarel Englis. aBarcelona, :bLabor,c1937. a339 p. ;c19 cm.1 aLabor aIncluye referencias bibliográficas al pie de las páginas 0aLabor95274 001050718MOaGRbGRcHDd2012-03-07iLF1l0oxxxx xxxxp37216-10r2020-06-25w2020-06-25y1ZNo se presta c36706d36706